Alternativas institucionales en rehabilitación: documentos y experiencias

Guardat en:
Dades bibliogràfiques
Format: Llibre
Idioma:espanyol
Publicat: Madrid Real Patronato de Prevención y de Atención a Personas con Minusvalía 1991
Matèries:
Etiquetes: Afegir etiqueta
Sense etiquetes, Sigues el primer a etiquetar aquest registre!

MARC

LEADER 00000nam a2200000 a 4500
001 UCP0957
003 CL-VaPUC
008 990326e19910000SP |||||||||||||||||spa|d
082 0 4 |a 371.9  |b ALT  |2 21 
245 1 0 |a Alternativas institucionales en rehabilitación: documentos y experiencias 
300 |a 285 p 
942 |c BK 
945 |d 19990326 00:00:00  |a rbrito 
260 |a Madrid  |b Real Patronato de Prevención y de Atención a Personas con Minusvalía  |c 1991 
650 0 |a Educación especial  |9 307486 
650 7 |a IMPEDIDOS FISICAMENTE  |2 CL-VaPUC  |9 307526 
650 0 |a Rehabilitación  |9 307382 
583 |a last modification  |c 19990326 00:00:00  |k Rodrigo Vera 
999 |c 279686  |d 279684 
952 |0 0  |1 0  |4 0  |6 371_900000000000000_ALT_1991  |7 0  |8 A  |9 319353  |a BIBEDU  |b BIBEDU  |d 2019-11-20  |i 3487814  |o 371.9 ALT 1991  |p 3487814  |r 2019-11-20  |w 2019-11-20  |y BK  |k EDU